[Event "Verbandsliga Sued Baden 0607"]
[Site "Germany"]
[Date "2006.12.17"]
[Round "4.8"]
[White "Wimmer, Olivier"]
[Black "Brezczinsky, Joerg"]
[Result "1/2-1/2"]
[WhiteElo "2056"]
[BlackElo "1752"]
[PlyCount "52"]
[EventDate "2006.10.22"]
[EventType "team"]
[EventRounds "9"]
[EventCountry "GER"]
[SourceTitle "EXT 2008"]
[Source "ChessBase"]
[SourceDate "2007.11.25"]
[SourceVersion "1"]
[SourceVersionDate "2007.11.25"]
[SourceQuality "1"]
[WhiteTeam "Lahr"]
[BlackTeam "Ebringen"]
[WhiteTeamCountry "GER"]
[BlackTeamCountry "GER"]

1. d4 Nf6 2. Nf3 e6 3. g3 d5 4. Bg2 Be7 5. 0-0 0-0 6. c4 b6 7. Nc3 Bb7 8. Ne5 Nbd7 9. Bg5 Re8 10. Rc1 Ne4 11. Nxe4 dxe4 12. Bxe7 Qxe7 13. Qc2 f5 14. Rfd1 Nxe5 15. dxe5 Red8 16. e3 Rxd1+ 17. Rxd1 Rd8 18. Rd2 Kf8 19. Bf1 Rd7 20. Qd1 Rxd2 21. Qxd2 Ke8 22. b4 c5 23. b5 Qc7 24. Qc3 g6 25. Be2 Qg7 26. Kg2 h5 1/2-1/2

[Event "FRA-chT2 East 0607"]
[Site "France"]
[Date "2006.10.15"]
[Round "1.4"]
[White "Wimmer, Olivier"]
[Black "Romano, Gianni"]
[Result "1-0"]
[WhiteElo "2061"]
[BlackElo "2098"]
[PlyCount "107"]
[EventDate "2006.10.15"]
[EventType "team"]
[EventRounds "11"]
[EventCountry "FRA"]
[SourceTitle "EXT 2008"]
[Source "ChessBase"]
[SourceDate "2007.11.25"]
[SourceVersion "1"]
[SourceVersionDate "2007.11.25"]
[SourceQuality "1"]
[WhiteTeam "Obernai"]
[BlackTeam "Gueugnon"]
[WhiteTeamCountry "FRA"]
[BlackTeamCountry "FRA"]

1. d4 Nf6 2. Nf3 e6 3. g3 d5 4. Bg2 c5 5. e3 Nc6 6. 0-0 Bd6 7. Nbd2 0-0 8. c4 Rb8 9. b3 Qa5 10. Bb2 cxd4 11. exd4 b6 12. a3 Ne7 13. Rc1 Bd7 14. b4 Qa4 15. c5 Bc7 16. Nb1 Qxd1 17. Rfxd1 Ba4 18. Re1 b5 19. Nc3 Bb3 20. Nd2 Bc4 21. Rcd1 a6 22. h3 Rfd8 23. Bc1 Nf5 24. Nxc4 bxc4 25. Bg5 h6 26. Bxf6 gxf6 27. Re2 Kf8 28. Rb2 Nxd4 29. Rxd4 Be5 30. Rbd2 Rdc8 31. Na4 Bxd4 32. Rxd4 a5 33. Nb6 c3 34. Rd1 axb4 35. axb4 Rd8 36. Bf1 d4 37. Bd3 e5 38. f3 Rxb6 39. cxb6 Rb8 40. Kf1 Rxb6 41. b5 Ke7 42. Ra1 Rb8 43. Ke2 Rc8 44. Kd1 Kd6 45. Ra6+ Kc5 46. Rxf6 Kb4 47. Kc2 h5 48. b6 Ra8 49. b7 Ra2+ 50. Kc1 Ra1+ 51. Bb1 d3 52. b8Q+ Kc4 53. Rc6+ Kd4 54. Qb6+ 1-0

[Event "Selestat op-A 13th"]
[Site "Selestat"]
[Date "2006.02.??"]
[Round "2"]
[White "Boidman, Yuri"]
[Black "Wimmer, Olivier"]
[Result "1-0"]
[WhiteElo "2424"]
[BlackElo "2062"]
[PlyCount "31"]
[EventDate "2006.02.23"]
[EventType "swiss"]
[EventRounds "7"]
[EventCountry "FRA"]
[SourceTitle "CBM 111 Extra"]
[Source "ChessBase"]
[SourceDate "2006.05.09"]
[SourceVersion "1"]
[SourceVersionDate "2006.05.09"]
[SourceQuality "1"]

1. e4 c6 2. c4 d5 3. exd5 cxd5 4. cxd5 Qxd5 5. d4 Nf6 6. Nc3 Qa5 7. Nf3 Bg4 8. h3 Bd7 9. Bc4 e6 10. 0-0 b5 11. Bb3 b4 12. Ne5 a6 13. Qf3 Ra7 14. Ne4 Bb5 15. Nxf6+ gxf6 16. Qxf6 1-0

[Event "Oberliga Baden 0405"]
[Site "Germany"]
[Date "2004.11.14"]
[Round "2.8"]
[White "Zimmermann, Peter"]
[Black "Wimmer, Olivier"]
[Result "1-0"]
[WhiteElo "2262"]
[BlackElo "2066"]
[PlyCount "85"]
[EventDate "2004.10.24"]
[EventType "team-tourn"]
[EventRounds "9"]
[EventCountry "GER"]
[SourceTitle "EXT 2007"]
[Source "ChessBase"]
[SourceDate "2006.11.23"]
[SourceVersion "1"]
[SourceVersionDate "2006.11.23"]
[SourceQuality "1"]
[WhiteTeam "Waldshut"]
[BlackTeam "Lahr"]
[WhiteTeamCountry "GER"]
[BlackTeamCountry "GER"]

1. e4 c6 2. d4 d5 3. e5 g6 4. c4 h5 5. Nc3 Bg7 6. h3 Nh6 7. Nf3 dxc4 8. Bxc4 Bf5 9. Qe2 b5 10. Bb3 a5 11. e6 f6 12. a4 bxa4 13. Rxa4 Qb6 14. Ba2 g5 15. d5 Bg6 16. Be3 Qb7 17. Nd4 0-0 18. d6 Rd8 19. dxe7 Qxe7 20. Nb3 Kh8 21. Bc5 Qe8 22. Nd4 Nf5 23. Ne4 Nxd4 24. Bxd4 Na6 25. Bxf6 Bxe4 26. Bxg7+ Kxg7 27. Qxe4 Nb4 28. Bb1 Rd5 29. 0-0 Kf6 30. Ra3 Ke7 31. Rf3 Kd6 32. Re1 Ra7 33. Rf5 Re7 34. Rxd5+ Nxd5 35. Qe5+ Kc5 36. Ba2 Qd8 37. Qxg5 Qd6 38. Bxd5 cxd5 39. Qg8 d4 40. Qg5+ Kb6 41. Qd2 Qd5 42. f4 Qc5 43. Re5 1-0